000 00762nam a2200205 a 4500
001 000043352
005 20201002040834.0
008 140310s1977 sp 000 0 spa d
020 _a8433914065
040 _aDO-SdBNP
_bspa
_cBNPHU
100 1 _aAnderson, Perry
_970998
240 1 0 _aComponents of the nacional culture, new left review
245 1 3 _aLa cultura represiva :
_belementos de la cultura nacional británica /
_cPerry Anderson; traducción Enrique Hegewicz; prólogo Ernesto Laclau.
260 _aBarcelona, :
_bAnagrama,
_c1977.
490 1 _aElementos críticos
_v6
500 _aIncluye notas a pie de páginas
700 1 2 _aLaclau, Ernesto
_eprol.
_970999
700 1 2 _aHegewicz, Enrique
_etrad.
_971000
830 0 _aElementos críticos
_n6
_971001
999 _c42841
_d42841